Operations research for managerial decisions
Guardat en:
| Autors principals: | , |
|---|---|
| Format: | Llibre |
| Idioma: | anglès |
| Publicat: |
Homewood
Richard D. Irwin
1972
|
| Col·lecció: | Irwin Series in Quantitative Analysis
|
| Matèries: | |
| Etiquetes: |
Afegir etiqueta
Sense etiquetes, Sigues el primer a etiquetar aquest registre!
|
MARC
| LEADER | 00000nam a2200000 a 4500 | ||
|---|---|---|---|
| 001 | UCR6310 | ||
| 003 | CL-VaPUC | ||
| 008 | 980423e19720000US |||||||||||||||||eng|d | ||
| 082 | 0 | 4 | |a 658.403 |b PLA |2 21 |
| 100 | 0 | |a Plane, Donald R |e author |9 407440 | |
| 700 | 0 | |a Kochenberger, Gary A |e author |9 407441 | |
| 245 | 1 | 0 | |a Operations research for managerial decisions |
| 300 | |a 321 p | ||
| 942 | |c BK | ||
| 945 | |d 19980423 00:00:00 |a crobeson | ||
| 260 | |a Homewood |b Richard D. Irwin |c 1972 | ||
| 650 | 0 | |a Investigación operativa |9 259383 | |
| 650 | 0 | |a Toma de decisiones |9 257530 | |
| 650 | 0 | |a Administración de empresas |9 260833 | |
| 650 | 0 | |a Gestión |9 260993 | |
| 650 | 0 | |a Análisis cualitativo |9 346076 | |
| 583 | |a last modification |c 20180306 02:05:16 |k Rodrigo Vera | ||
| 490 | 0 | |a Irwin Series in Quantitative Analysis | |
| 999 | |c 268517 |d 268515 | ||
| 952 | |0 0 |1 0 |4 0 |6 658_403000000000000_PLA_1972 |7 0 |8 A |9 301703 |a BIBALI |b BIBALI |c GEN |d 2019-11-20 |i 1991167 |o 658.403 PLA 1972 |p 1991167 |r 2025-01-20 |w 2019-11-20 |y BK |k ALI | ||